Les 20 plus grandes villes du Loiret sur une carte - Statistiques

Statistiques générales
  • Ce quiz a été pris 110 fois
  • Le résultat moyen est 12 sur 20
Réponses sur la Carte
Les réponses sont colorées sur une échelle allant du rouge au vert en fonction du pourcentage des utilisateurs qui les ont devinées à leur premier essai. Vous pouvez retrouver ces pourcentages ci-dessous.
 
Statistiques - réponses
Population Initiale Ville % Correct
116 344 O Orléans
100%
14 819 M Montargis
97%
22 988 O Olivet
82%
8 981 P Pithiviers
82%
21 664 F Fleury-les-Aubrais
78%
16 866 S Saran
78%
13 431 G Gien
77%
16 608 S Saint-Jean-de-la-Ruelle
66%
22 088 S Saint-Jean-de-Braye
63%
13 432 A Amilly
54%
10 492 (La) C La Chapelle-Saint-Mesmin
52%
9 534 S Saint-Jean-le-Blanc
51%
7 811 B Beaugency
49%
8 948 C Chécy
47%
7 317 (La) F La Ferté-Saint-Aubin
46%
8 470 C Châteauneuf-sur-Loire
44%
9 838 I Ingré
40%
8 022 (Le) M Le Malesherbois
39%
12 958 C Châlette-sur-Loing
38%
7 768 S Saint-Denis-en-Val
34%
Aucun quiz correspondant
Distribution des résultats
% des personnes avec chaque résultat
Percentile par nombre de réponses
Votre historique - résultats
Vous n’avez pas pris ce quiz